Zbožňovaná panovníčka

Podrobná bibliografia
Hlavný autor: Šimončič, Andrej (Autor)
Médium: Článok
Jazyk:slovenčina
Fyzický popis:Fotogr.
ISSN:0139-6323
Predmet:

MARC

LEADER 00000nab a2200000 ar4500
001 vtls009006027
003 SK-MaSNL
005 20260303065722.0
008 070710c2007 xo wr|p|||||||000 b|slo
015 |a SNBRB2007/07  |2 snkbucl 
038 |a SNKBUCL 
040 |a SNKBUCL  |b slo  |c SNKBUCL  |e AACR2 
041 |a slo 
044 |a xo  |c SK 
080 |a 94(410)-051"18"  |2 1997 
080 |a 94(420).081  |2 1997 
080 |a 94(420)-051"18"  |2 1997 
100 1 |a Šimončič, Andrej  |4 aut  |9 723509 
245 1 0 |a Zbožňovaná panovníčka  |c Andrej Šimončič 
300 |b Fotogr. 
600 0 7 |a Viktória  |b I.,  |c britská kráľovná,  |d 1819-1901  |2 snkbucl  |9 99863 
773 0 |t Život  |g Roč. 57, č. 27 (2007), s. 50-52  |x 0139-6323 
852 |a SNK  |b KIS3GCP 
958 |a BC 
958 |a GB 
999 |c 1752348  |d 1754278